Home Print Resources E-Books E-Journals IIMT Lecture Series Library Membership Form Book Recommendation Form Campus Tour Take AdmissionAbout Us Contact Us

Switchgear Protection and Power Systems (Record no. 6016)

000 -LEADER
fixed length control field 00353nam a2200157Ia 4500
003 - CONTROL NUMBER IDENTIFIER
control field OSt
005 - DATE AND TIME OF LATEST TRANSACTION
control field 20240312123900.0
008 - FIXED-LENGTH DATA ELEMENTS--GENERAL INFORMATION
fixed length control field 170524s9999 xx 000 0 und d
020 ## - INTERNATIONAL STANDARD BOOK NUMBER
International Standard Book Number NIL
040 ## - CATALOGING SOURCE
Transcribing agency IIMTU MEERUT
100 ## - MAIN ENTRY--PERSONAL NAME
Personal name Rao Sunil S.
245 #0 - TITLE STATEMENT
Title Switchgear Protection and Power Systems
260 ## - PUBLICATION, DISTRIBUTION, ETC.
Name of publisher, distributor, etc. Khanna
260 ## - PUBLICATION, DISTRIBUTION, ETC.
Date of publication, distribution, etc. 2011
942 ## - ADDED ENTRY ELEMENTS (KOHA)
Source of classification or shelving scheme
Koha item type Book Bank
Holdings
Withdrawn status Lost status Source of classification or shelving scheme Damaged status Not for loan Home library Current library Date acquired Barcode Date last seen Uniform Resource Identifier Price effective from Koha item type Total Checkouts Date last checked out
          IIMT University Central Library Meerut IIMT University Central Library Meerut 06/01/2017 01-B-56619 06/01/2017 Switchgear Protection and Power Systems 06/01/2017 Book Bank    
          IIMT University Central Library Meerut IIMT University Central Library Meerut 06/01/2017 01-B-56620 12/19/2023 Switchgear Protection and Power Systems 06/01/2017 Book Bank 2 09/13/2023
          IIMT University Central Library Meerut IIMT University Central Library Meerut 06/01/2017 01-B-56621 01/27/2023 Switchgear Protection and Power Systems 06/01/2017 Book Bank 1 11/03/2022
          IIMT University Central Library Meerut IIMT University Central Library Meerut 06/01/2017 01-B-56622 01/04/2019 Switchgear Protection and Power Systems 06/01/2017 Book Bank 1 11/02/2018
IIMT, Central Library. All Rights Reserved IIMT,UNIVERSITY © 2023
Implemented and Customised by I CLOUDE EMS
You Are OPAC Visitor No
free web counter

Powered by Koha